000 01801nam0a2200325 i 4500
001 RU\NLR\BIBL_A\010564128
005 20241104143324.0
035 _a(NLR Aleph) 010564128
090 _a10394858
_c10394858
100 _a20141212d2014 um y0rusy50 ca
101 0 _arus
102 _aRU
105 _aach|z|||000yd
200 1 _aАртистка, режиссер, педагог Надежда Николаевна Быкова
_eматериалы к творческому портрету
_fЕкатерина Бойко, Владимир Потапенко, Лилия Соболь
_gУпр. делами Президента Рос. Федерации, Федер. гос. бюджет. учреждение "Дом ветеранов сцены им. М.Г. Савиной (пансионат)"Упр.
210 _aСанкт-Петербург
_c[б. и.]
_d2014
215 _a135, [1] с.
_cил., портр., факс.
_d20
225 1 _aСерия книг "История ДВС в лицах"
300 _aНа обл. авт. не указаны
316 _aС автогр. 2-го авт.
_5NLR
600 1 _aБыкова
_bН. Н.
_f1932
_gНадежда Николаевна
_xБиография
_92210036
_3RU\NLR\AUTH\6601561678
686 1 _aЩ334.3(2Р=Рус)7-86Быкова 2
686 1 _aЩ334.3(2Р=Рус)7-85Быкова 2
700 1 _aБойко
_bЕ.
_dЕкатерина
701 1 _7ca
_8rus
_aПотапенко
_bВ. Б.
_f1951-
_gВладимир Борисович
_9132244
_3RU\NLR\AUTH\770132278
701 1 _aСоболь
_bЛ.
_gЛилия
702 1 _4570
_aБыкова
_bН. Н
_cактриса
_f1932-
_gНадежда Николаевна
_9139763
_3RU\NLR\AUTH\770139798
942 _cBOOK
980 _aNBR